000 00838nam a22002297a 4500
005 20080708152015.0
008 080708t xxu||||| |||| 00| 0 eng d
010 _aENG-90491
020 _a8189901363
_c550.00
035 _aEN-74024
037 _bDBAD / PUB
040 _aDPL
_bEN
082 _a333.707
245 _aResource book of environmental education /
_cedited by Sneh Lata Verma
260 _aDelhi
_bAcademic Excellence
_c2008
270 _a42, Ekta Apartments, Geeta Colony,
_bDelhi
_e110031
300 _av, 190p.
_c22 cm (Hb)
500 _aIncludes index
700 _aVerma, Sneh Lata
942 _2ddc
_cEN
_h333.707
_mRES
999 _c14303
_d14303